Extremely Hard General Knowledge #82 - Statistics

General Stats
  • This quiz has been taken 122 times
  • The average score is 5 of 20
Answer Stats
Hint Answer % Correct
What are the only two independent countries which retain the title "emir" for their monarchs? Qatar
77%
What are the only two independent countries which retain the title "emir" for their monarchs? Kuwait
65%
Which city was the de-facto capital of France from 1940-1944, after the fall of Paris in WWII? Vichy
65%
What is the name of the desert that covers more than half of Israel? Negev
47%
Which French philosopher, who had an open relationship with Simone de Beauvoir, had works including Being and Nothingness and Existentialism is a Humanism? Jean-Paul Sartre
45%
What common four-lettered word could be used to describe someone who is mendacious, perfidious, or duplicitous? Liar
38%
In American business, what does the acronym LLC stand for? Limited Liability Company
30%
Capable of supporting up to 1,200 residents, which American research station is the largest community in Antarctica? {McMurdo} Station
22%
Which German artists' works included Adam and Eve, Feast of the Rosary, and Madonna of the Pear? Albrecht Dürer
20%
Which Cornish castle is thought to have been where King Arthur was conceived and possibly also born? {Tintagel} Castle
20%
How many novels are in Terry Pratchett's Discworld series running from 1983 to 2015? 41
17%
Who was lead singer of Frankie Goes to Hollywood from their formation in 1980 until their initial disbandment in 1987? Holly Johnson
15%
Who starred as Jim Bergerac in the BBC crime drama series Bergerac from 1981-1991? John Nettles
15%
Genghis Khan united the Mongol tribes at a kurultai held in which year? 1206
14%
Which Austronesian language is spoken by approximately 20 million people in the southern Philippines and is most widely spoken of the Bisayan languages? Cebuano
11%
What's the name of the only opera completed by the French composer Claude Debussy? Pelléas et Mélisande
10%
Which WNBA player is the all-time leader in points and holds the record for most (6) Olympic Gold Medals in Basketball? Diana Taurasi
6%
What is the Japanese word for "scallop" often found at sushi restaurants? Hotate
6%
Who was nominated for Oscars for Best Leading Actress for In America (2002) and Best Supporting Actress for Sweet and Lowdown (1999)? Samantha Morton
5%
Which sailing type at the Summer Olympics contains both the 49er and 49erFX disciplines? Skiff
2%
No matching quizzes found
Score Distribution
Percent of People with Each Score
Percentile by Number Answered
Your Score History
You have not taken this quiz